| 000 | 00442nam a2200169Ia 4500 | ||
|---|---|---|---|
| 001 | 31615 | ||
| 003 | IN-NITTTR | ||
| 005 | 20251114233423.0 | ||
| 008 | 251113s9999||||xx |||||||||||||| ||eng|| | ||
| 040 | _beng | ||
| 040 | _cIN-NITTTR | ||
| 041 | _aeng | ||
| 082 | _a519.3 M56O | ||
| 100 | _aMessac, Achille | ||
| 245 | 0 |
_aOptimization in practice with MATLAB for engineering students and professionals / _cMessac, Achille |
|
| 942 |
_2ddc _cBK |
||
| 999 |
_c34245 _d34245 |
||